| 000 | 00556nam a2200229Ia 4500 | ||
|---|---|---|---|
| 005 | 20250425162038.0 | ||
| 008 | 250425s9999 xx 000 0 und d | ||
| 020 | _a0444506713 | ||
| 041 | _aeng | ||
| 082 | _a622.338 | ||
| 100 | _aDake, L.P. | ||
| 245 | 0 | _aTHE PRACTICE OF RESERVOIR ENGINEERING | |
| 250 | _aS.E. | ||
| 260 | _aAMSTERDAM | ||
| 260 |
_aPaĆses Bajos, Holanda _bELSEVIER _c2001 |
||
| 300 | _a546 | ||
| 650 | _aINGENIERIA PETROLERA | ||
| 650 | _aPETROLEO | ||
| 650 | _aPETROLEO-ALMACENAMIENTO | ||
| 942 | _c01 | ||
| 010 | _a42500 | ||
| 999 |
_c221271 _d221271 |
||